Study on post weaning diarrhea of piglet at yen phearun in samroung teong district, kampong speu province, ការសិក្សាលើជំងឺរាកកូនជ្រូកកំឡុងពេកផ្ដាច់ដោះនៅកសិដ្ឋានលោក យិន ភារុន ស្រុកសំរោងទង ខេត្តកំពង់ស្ពឺ (Record no. 7147)
[ view plain ]
| 000 -LEADER | |
|---|---|
| fixed length control field | 00753nam a22001457a 4500 |
| 003 - CONTROL NUMBER IDENTIFIER | |
| control field | OSt |
| 005 - DATE AND TIME OF LATEST TRANSACTION | |
| control field | 20160227090048.0 |
| 008 - FIXED-LENGTH DATA ELEMENTS--GENERAL INFORMATION | |
| fixed length control field | 160227b xxu||||| |||| 00| 0 eng d |
| 040 ## - CATALOGING SOURCE | |
| Transcribing agency | RUA |
| 082 ## - DEWEY DECIMAL CLASSIFICATION NUMBER | |
| Classification number | VEM PHA 2014 B435 O.1 |
| 100 ## - MAIN ENTRY--PERSONAL NAME | |
| 9 (RLIN) | 7554 |
| Personal name | PHANN CHANNDARA; ផាន់ ចាន់ដារ៉ា |
| 245 ## - TITLE STATEMENT | |
| Title | Study on post weaning diarrhea of piglet at yen phearun in samroung teong district, kampong speu province, ការសិក្សាលើជំងឺរាកកូនជ្រូកកំឡុងពេកផ្ដាច់ដោះនៅកសិដ្ឋានលោក យិន ភារុន ស្រុកសំរោងទង ខេត្តកំពង់ស្ពឺ |
| 300 ## - PHYSICAL DESCRIPTION | |
| Extent | ix,41p. |
| Other physical details | ill. |
| Dimensions | 29cm. |
| 942 ## - ADDED ENTRY ELEMENTS (KOHA) | |
| Source of classification or shelving scheme | |
| Koha item type | VEM |
No items available.